[Event "IRI-ch 18th"]
[Site "Tehran"]
[Date "2008.02.23"]
[Round "10"]
[White "Golizadeh, Asghar"]
[Black "Vaghar, Mohsen"]
[Result "1-0"]
[WhiteElo "2296"]
[BlackElo "2237"]
[PlyCount "75"]
[EventDate "2008.02.16"]
[EventType "tourn"]
[EventRounds "13"]
[EventCountry "IRI"]
[EventCategory "2"]
[SourceTitle "CBM 123 Extra"]
[Source "ChessBase"]
[SourceDate "2008.05.06"]
[SourceVersion "1"]
[SourceVersionDate "2008.05.06"]
[SourceQuality "1"]

1. e4 c6 2. Nc3 d5 3. Nf3 e6 4. d4 Nf6 5. Bd3 Be7 6. 0-0 0-0 7. e5 Nfd7 8. Ne2 c5 9. c3 Nc6 10. a3 c4 11. Bc2 b5 12. h4 a5 13. Ng5 g6 14. f4 Re8 15. h5 Bf8 16. Rf3 Bg7 17. Rh3 h6 18. hxg6 hxg5 19. gxf7+ Kxf7 20. fxg5 Rh8 21. Rf3+ Kg8 22. Bg6 Ndxe5 23. dxe5 Nxe5 24. Nf4 Qd6 25. Rf1 Bb7 26. Bh5 Qb6+ 27. Rf2 Rf8 28. Qe2 d4 29. cxd4 Qxd4 30. Be3 Qe4 31. Raf1 Nd3 32. Nxd3 cxd3 33. Rxf8+ Bxf8 34. Qf2 Qf5 35. Qg3 Qxf1+ 36. Kxf1 Rxh5 37. Qb8 Be4 38. Bc5 1-0

[Event "IRI-ch 18th"]
[Site "Tehran"]
[Date "2008.02.22"]
[Round "8"]
[White "Dalir, Faradj"]
[Black "Vaghar, Mohsen"]
[Result "1/2-1/2"]
[WhiteElo "2200"]
[BlackElo "2237"]
[PlyCount "161"]
[EventDate "2008.02.16"]
[EventType "tourn"]
[EventRounds "13"]
[EventCountry "IRI"]
[EventCategory "2"]
[SourceTitle "CBM 123 Extra"]
[Source "ChessBase"]
[SourceDate "2008.05.06"]
[SourceVersion "1"]
[SourceVersionDate "2008.05.06"]
[SourceQuality "1"]

1. Nf3 d5 2. d4 Nf6 3. c4 e6 4. Nc3 Be7 5. Bg5 Nbd7 6. e3 0-0 7. Bd3 dxc4 8. Bxc4 c5 9. 0-0 cxd4 10. exd4 Nb6 11. Bd3 Nbd5 12. Ne5 h6 13. Bh4 a5 14. Bc2 Nb4 15. Bb1 Nc6 16. Nf3 b6 17. a3 Bb7 18. Qc2 g6 19. Rd1 Nd5 20. Nxd5 Qxd5 21. Ba2 Qh5 22. d5 Bxh4 23. dxc6 Rac8 24. Nxh4 Qxh4 25. Bxe6 Rxc6 26. Qxg6+ Kh8 27. Qg4 Qxg4 28. Bxg4 Rg6 29. Bh3 Bxg2 30. Bxg2 Rfg8 31. Kh1 Rxg2 32. Rf1 R2g5 33. Rad1 R8g6 34. Rd3 Re6 35. Rfd1 Kg7 36. h3 Kf6 37. Rb3 b5 38. Rdd3 Re2 39. Rf3+ Ke6 40. h4 Rh5 41. Kg2 Re4 42. Rfe3 Rxe3 43. Rxe3+ Re5 44. Rb3 Kd6 45. Kf3 Kc5 46. Rc3+ Kd4 47. Rc1 Rf5+ 48. Kg3 b4 49. axb4 axb4 50. b3 Kd3 51. Rc4 Rb5 52. Kf4 Ke2 53. f3 Kd3 54. Kg4 Ke3 55. Rf4 h5+ 56. Kg3 f5 57. Rc4 Rb6 58. f4 Rg6+ 59. Kh3 Rg1 60. Rxb4 Kf3 61. Kh2 Rb1 62. Rb8 Kxf4 63. b4 Kg4 64. b5 Rb2+ 65. Kg1 Kg3 66. Kf1 f4 67. b6 Rb1+ 68. Ke2 f3+ 69. Ke3 Rb3+ 70. Kd2 Rb2+ 71. Ke3 Re2+ 72. Kd3 Re1 73. b7 f2 74. Rg8+ Kxh4 75. Rf8 Rb1 76. Ke2 Rb2+ 77. Kf1 Rxb7 78. Ke2 Rb2+ 79. Kf1 Kg3 80. Rg8+ Kh3 81. Rg3+ 1/2-1/2

[Event "IRI-ch 18th"]
[Site "Tehran"]
[Date "2008.02.21"]
[Round "7"]
[White "Vaghar, Mohsen"]
[Black "Sharbaf, Mohsen"]
[Result "0-1"]
[WhiteElo "2237"]
[BlackElo "2407"]
[PlyCount "106"]
[EventDate "2008.02.16"]
[EventType "tourn"]
[EventRounds "13"]
[EventCountry "IRI"]
[EventCategory "2"]
[SourceTitle "CBM 123 Extra"]
[Source "ChessBase"]
[SourceDate "2008.05.06"]
[SourceVersion "1"]
[SourceVersionDate "2008.05.06"]
[SourceQuality "1"]

1. Nf3 Nc6 2. e4 d5 3. exd5 Qxd5 4. Nc3 Qa5 5. h3 e5 6. Bc4 Nf6 7. d3 Bf5 8. 0-0 Bg6 9. Nb5 0-0-0 10. c3 e4 11. b4 Nxb4 12. cxb4 Bxb4 13. Bf4 Nd5 14. a3 Bc3 15. Rc1 Nxf4 16. Rxc3 a6 17. Rb3 axb5 18. Rxb5 Qc3 19. Qa4 exf3 20. Rxb7 Ne2+ 21. Kh2 Qe5+ 22. g3 Nc3 23. Qc6 Qd6 24. Qxf3 Bxd3 25. Rc1 Qf6 26. Qxf6 gxf6 27. Bxd3 Kxb7 28. Rxc3 c5 29. a4 Rd4 30. Bc4 Kb6 31. Kg2 f5 32. Bxf7 Rxa4 33. Bc4 Rd8 34. Kf3 f4 35. g4 Rd4 36. Bd3 h6 37. h4 c4 38. Be4 Kc5 39. g5 hxg5 40. hxg5 Ra2 41. g6 Rdd2 42. Kxf4 Rxf2+ 43. Ke5 Ra7 44. Bf5 Kb4 45. Rg3 Ra5+ 46. Kd4 Rfxf5 47. g7 Rad5+ 48. Ke4 Rfe5+ 49. Kf4 Re8 50. g8Q Rxg8 51. Rxg8 c3 52. Ke3 c2 53. Rb8+ Ka3 0-1

[Event "IRI-ch 18th"]
[Site "Tehran"]
[Date "2008.02.20"]
[Round "6"]
[White "Ghorbani, Mohsen"]
[Black "Vaghar, Mohsen"]
[Result "1/2-1/2"]
[WhiteElo "2347"]
[BlackElo "2237"]
[PlyCount "109"]
[EventDate "2008.02.16"]
[EventType "tourn"]
[EventRounds "13"]
[EventCountry "IRI"]
[EventCategory "2"]
[SourceTitle "CBM 123 Extra"]
[Source "ChessBase"]
[SourceDate "2008.05.06"]
[SourceVersion "1"]
[SourceVersionDate "2008.05.06"]
[SourceQuality "1"]

1. d4 Nf6 2. Nf3 d5 3. c4 e6 4. g3 dxc4 5. Qc2 c5 6. dxc5 Bxc5 7. Bg2 0-0 8. 0-0 Qe7 9. Nc3 h6 10. Ne5 Nc6 11. Nxc6 bxc6 12. Bxc6 Bb7 13. Bxb7 Qxb7 14. Na4 Rac8 15. Nxc5 Rxc5 16. Be3 Rb5 17. Qxc4 Rxb2 18. Bd4 Rb4 19. Qc5 Rd8 20. Bxf6 gxf6 21. Qe3 Kg7 22. Rfd1 Rxd1+ 23. Rxd1 Rb1 24. Qd3 Rxd1+ 25. Qxd1 Qb4 26. Qc2 a5 27. a4 f5 28. e3 Kf6 29. h3 h5 30. Qd1 Kg6 31. h4 Qe4 32. Kh2 Qc4 33. Kg2 Qc6+ 34. Kg1 f6 35. Qb3 Qc1+ 36. Kg2 Qc6+ 37. Kf1 Kf7 38. Ke2 Qe4 39. Qb5 Qc2+ 40. Kf1 Qc1+ 41. Kg2 Qc7 42. e4 Kg7 43. exf5 exf5 44. Qxf5 Qc6+ 45. Kh2 Qxa4 46. Qxh5 Qd4 47. Qf5 a4 48. h5 a3 49. Qg6+ Kf8 50. Qc2 Qb2 51. Qc8+ Kg7 52. Qd7+ Kh6 53. Qf5 Kg7 54. Qd7+ Kh6 55. Qf5 1/2-1/2

[Event "IRI-ch 18th"]
[Site "Tehran"]
[Date "2008.02.17"]
[Round "2"]
[White "Doostkam, Pooyan"]
[Black "Vaghar, Mohsen"]
[Result "1/2-1/2"]
[WhiteElo "2241"]
[BlackElo "2237"]
[PlyCount "138"]
[EventDate "2008.02.16"]
[EventType "tourn"]
[EventRounds "13"]
[EventCountry "IRI"]
[EventCategory "2"]
[SourceTitle "CBM 123 Extra"]
[Source "ChessBase"]
[SourceDate "2008.05.06"]
[SourceVersion "1"]
[SourceVersionDate "2008.05.06"]
[SourceQuality "1"]

1. d4 Nf6 2. c4 e6 3. Nc3 d5 4. cxd5 exd5 5. Bg5 c6 6. Qc2 Be7 7. Nf3 0-0 8. e3 Nbd7 9. Bd3 Re8 10. 0-0 Nf8 11. Rae1 Ne4 12. Bxe7 Qxe7 13. Bxe4 dxe4 14. Nd2 f5 15. f3 exf3 16. Nxf3 Be6 17. e4 fxe4 18. Rxe4 Rad8 19. Re3 Qd7 20. Ne4 Bf5 21. Qe2 Bxe4 22. Rxe4 Rxe4 23. Qxe4 Qd5 24. Qe7 Rd7 25. Qe8 Rf7 26. b3 h6 27. Re1 Kh7 28. Re7 Rxe7 29. Qxe7 Nd7 30. h3 a5 31. Kh2 Qf5 32. Qd6 Nf6 33. Qe5 Qxe5+ 34. Nxe5 Nd5 35. Nc4 b6 36. Ne5 Ne7 37. Nc4 Nd5 38. Kg3 Kg6 39. Kf3 Kf5 40. Ne5 c5 41. Nc6 cxd4 42. g4+ Kg5 43. Nxd4 Kh4 44. Nf5+ Kxh3 45. Nxg7 Nf6 46. Ne6 Nxg4 47. Nf4+ Kh4 48. Nd5 Ne5+ 49. Kf4 Nd7 50. Ne3 Kh5 51. Kf5 b5 52. Ke6 Nc5+ 53. Kf5 Nd3 54. a4 bxa4 55. bxa4 Nb2 56. Kf4 Kg6 57. Nd5 Kf7 58. Nc3 Kf6 59. Ne4+ Kg6 60. Nc5 h5 61. Nb3 Nc4 62. Nd4 Nd2 63. Nc6 Nb3 64. Ne5+ Kf6 65. Nc4 Kg6 66. Ne5+ Kf6 67. Nc4 Nc5 68. Nd2 Ne6+ 69. Kg3 Kg5 1/2-1/2

[Event "Fajr op 13th"]
[Site "Tehran"]
[Date "2005.01.31"]
[Round "8"]
[White "Vaghar, Mohsen"]
[Black "Noori, Amir"]
[Result "1-0"]
[WhiteElo "2167"]
[BlackElo "2219"]
[PlyCount "49"]
[EventDate "2005.01.04"]
[EventType "swiss"]
[EventRounds "9"]
[EventCountry "IRI"]
[SourceTitle "CBM 104 Extra"]
[Source "ChessBase"]
[SourceDate "2005.03.01"]
[SourceVersion "1"]
[SourceVersionDate "2005.03.01"]
[SourceQuality "1"]

1. e4 e6 2. d3 d5 3. Nd2 b6 4. g3 Bb7 5. Bg2 Nf6 6. e5 Nfd7 7. Ngf3 c5 8. 0-0 Nc6 9. Re1 Qc7 10. Qe2 Be7 11. c3 g5 12. g4 h5 13. h3 hxg4 14. hxg4 0-0-0 15. Nf1 Kb8 16. d4 cxd4 17. cxd4 Nb4 18. Bxg5 Bxg5 19. Nxg5 Nc2 20. Rac1 Nxd4 21. Qd2 Nc6 22. Nxf7 Rhg8 23. Nxd8 Qxd8 24. Qf4 Qh4 25. Rc3 1-0

[Event "Fajr op 13th"]
[Site "Tehran"]
[Date "2005.01.29"]
[Round "4"]
[White "Vaghar, Mohsen"]
[Black "Aryanejad, Hossein"]
[Result "0-1"]
[WhiteElo "2167"]
[BlackElo "2252"]
[PlyCount "96"]
[EventDate "2005.01.04"]
[EventType "swiss"]
[EventRounds "9"]
[EventCountry "IRI"]
[SourceTitle "CBM 104 Extra"]
[Source "ChessBase"]
[SourceDate "2005.03.01"]
[SourceVersion "1"]
[SourceVersionDate "2005.03.01"]
[SourceQuality "1"]

1. e4 d6 2. d4 g6 3. f4 Bg7 4. Nf3 Nf6 5. Bd3 0-0 6. 0-0 Bg4 7. h3 Bxf3 8. Qxf3 Nc6 9. c3 Nd7 10. Be3 e5 11. d5 exf4 12. dxc6 Ne5 13. Qe2 fxe3 14. cxb7 Rb8 15. Qxe3 Rxb7 16. Rf2 Qb8 17. b3 a5 18. Nd2 a4 19. Raf1 axb3 20. axb3 c5 21. Bc2 Re7 22. Nf3 Qc7 23. Ra1 Nxf3+ 24. Qxf3 Qb6 25. Qd3 Be5 26. Ra6 Qb7 27. Rf1 Re6 28. Ra4 Qb6 29. Qc4 Qd8 30. Ra7 Re7 31. Ra6 Rc7 32. Bd1 Qg5 33. Qd3 Kg7 34. c4 Re7 35. Ra2 f5 36. exf5 Bd4+ 37. Kh1 Re3 38. Ra7+ Kh6 39. Qc2 Rxf5 40. Bf3 Qg3 41. Qd2 Rg5 42. Raa1 Be5 43. Kg1 Rxb3 44. Rab1 Qh2+ 45. Kf2 Bg3+ 46. Ke2 Bf4 47. Rxb3 Bxd2 48. Kxd2 Qf4+ 0-1